000 01689nam a2200229Ia 4500
003 Ost
005 20260507075057.0
008 260507s9999||||xx |||||||||||||| ||und||
040 _cfsecg
041 _aara
082 _a657
100 _aقاسم، عبد الرزاق محمد
_eمؤلف
245 0 _aتحليل وتصميم نظم المعلومات المحاسبية /
_c عبد الرزاق محمد قاسم
246 _aَAnalyses And design of Accounting informations Systems
260 _aعمان:
_bمكتبة دار الثقافة,
_c2004
300 _a416 صفحة؛
_bإيضاحات ؛
_c25 سم
504 _aبيبليوغرافيا ص. 409
520 _aمدخل إلى نظم المعلومات،عناصر نظم المعلومات المحاسبية في المنظمة،تقنيات تطوير وتوثيق نظم المعلومات،دورات العمليات والرقابة الداخلية،مخرجات نظم المعلومات المحاسبية،المعالجة في نظم المعلومات المحاسبية،مدخلات نظم المعلومات المحاسبية،دور النفقات: النظم التطبيقية للمشتريات والمدفوعات النقدية،دور الايرادات،النظم التطبيقية للمبيعات وتحصيلات النقدية،دورة الانتاج،نظم إدارة قواعد البيانات،تصميم قواعد البيانات،الشبكات والتبادل الالكتروني للبيانات،الرقابة في ظل نظم المعلومات
653 _aمحاسبة
653 _aنظم المعلومات- المؤسسة الممتدة
942 _cكتاب
999 _c42751
_d42751